000 00568nam a22001937a 4500
003 koha_MIRAKIL
005 20231213095948.0
008 231213b |||||||| |||| 00| 0 ||| d
020 _b978-6-05-375448-0
040 _aTR-IsEVY
_btur
_cTR-IsEVY
082 _a808.88 DOC
100 _açev. Emirhan Burak Aydın.
245 0 _aDoctor Who
_b11 doktor 11 öykü
260 _bİthaki Yayınları,
_c2015
300 _a503 s.
650 _aDoctor Who (Television program : 1963-1989).
650 _aDoctor Who (Televizyon programı: 1963-1989).
942 _2ddc
_cBK
999 _c12281
_d12281